00672 2200241 4500001002100000005001500021035002000036007000300056008004100059020002200100082001000122084001600132100002000148245009400168250002600262260003700288300002200325650002300347700002100370700001700391990001100408990001100419INLIS00000000000371920190715094613 a0010-0719000137ta190715 g 0 ind  a978-602-6657-55-8 a613.2 a613.2 MAH a0 aMAHATMA, Gandhi1 aA Guide To Health /cMahatma Gandhi; penerjemah, Miftahul Jannah; penyunting, Puput Alvia aed. Indonesia, cet.1. a[s.l] :bBright Publisher,c2017 a174 hlm. ;c19 cm 4aKESEHATAN. NUTRISI0 aMIFTAHUL, Jannah0 aPUPUT, Alvia a6861 a a6861 b